Sifat 20 : Ke arah memahami aqidah ahli sunnah wal-jamaah

Bibliographic Details
Main Author: Noraine Abu
Format: Book
Published: Selangor : Pustaka Ilmi , 2002
Subjects:

MARC

LEADER 00000cam a2200000 7i4500
001 0000014165
005 20080222.0
008 220208
020 |a 9839888129 
090 0 0 |a 297.211   |b SIF 
100 1 |a Noraine Abu 
245 1 0 |a Sifat 20 :   |b Ke arah memahami aqidah ahli sunnah wal-jamaah   |c Noraine Abu 
260 |a Selangor :   |b Pustaka Ilmi ,   |c 2002 
650 0 |a God 
650 0 |a Islam   |x God 
700 1 |a Noraine Abu 
999 |a 0000939997   |b Book   |c Adult Collection   |e Cawangan Taman Sri Lambak 
999 |a 0000939999   |b Book   |c Adult Collection   |e Cawangan Taman Sri Lambak 
999 |a 0001005964   |b Book   |c Adult Collection   |e Perbadanan Perpustakaan Awam Johor 
999 |a 0001005965   |b Book   |c Adult Collection   |e Perbadanan Perpustakaan Awam Johor 
999 |a 0001005966   |b Book   |c Adult Collection   |e Perbadanan Perpustakaan Awam Johor